| 000 | 00707cam a22002053a 4500 | ||
|---|---|---|---|
| 001 | 38606 | ||
| 003 | PGUSA | ||
| 005 | 20140828083842.0 | ||
| 008 | 120118s2012||||xxu|||||s|||||000 | eng d | ||
| 040 |
_aPGUSA _beng |
||
| 042 | _adc | ||
| 100 | 1 | _aPiper, Hugh | |
| 245 | 1 | 0 |
_aPoultry : _bA Practical Guide to the Choice, Breeding, Rearing, and Management of all Descriptions of Fowls, Turkeys, Guinea-fowls, Ducks, and Geese, for Profit and Exhibition. _h[electronic resource] / _cHugh Piper |
| 260 |
_bProject Gutenberg, _c2012 |
||
| 506 | _aPublic domain in the USA. | ||
| 516 | _aElectronic text | ||
| 830 | 0 |
_aProject Gutenberg _v38606 |
|
| 856 | 4 | 0 | _uhttp://www.gutenberg.org/ebooks/38606 |
| 942 | _cEB | ||
| 999 |
_c267860 _d267860 |
||